000 00608cam a22001577a 4500
008 180718b1969 xxu||||| |||| 00| 0 eng d
082 _aB20 W684
100 _aWilloughby, Westel Woodbyry
245 _aPolitical theories of the ancient world
_cby Westel Woodbury Willoughby
260 _aFree Port
_bBks. For Libraries Press
_c1969
300 _axiii,294p.
500 _aSelect Bibliographies Reprint Series, First Pub. 1903, $14.50
650 _aRome --Politics and government. [from old catalog]
650 _aGreece --Politics and government. [from old catalog]
650 _aPolitical science --History
999 _c356519
_d356519